| 000 | 01117nam a22002297a 4500 | ||
|---|---|---|---|
| 999 |
_c58526 _d58526 |
||
| 003 | Ge_BSU | ||
| 005 | 20220524123839.0 | ||
| 008 | 220524s2012 ge ||||| |||| 00| 0 geo d | ||
| 020 | _a9789941176999 | ||
| 041 | _ageo | ||
| 080 | _a005.9+330.131.7 ნ-28 | ||
| 100 |
_aნარმანია, დავით. _92168 |
||
| 245 |
_aრისკ-მენეჯმენტი ბიზნესში : _bსახელმძღვ. / _cდავით ნარმანია, ნინო ფარესაშვილი; რედაქტორი ეკა ჩოხელი. |
||
| 264 |
_aთბ. : _bუნივერსალი, _c2012. |
||
| 300 |
_a234გვ. : _bნახ., ცხრ. ; _c20სმ. |
||
| 504 | _aბიბლიოგრ. ტექსტ. შენიშვნ. და გვ. 232-233. | ||
| 653 | _aრისკების მართვა | ||
| 653 | _aბიზნესი | ||
| 700 |
_aფარესაშვილი, ნინო _eავტორი _97228 |
||
| 700 |
_aჩოხელი, ეკა _eრედაქტორი _913815 |
||
| 942 |
_2udc _cBK |
||